000 00937nam a22002177a 4500
999 _c16313
_d16313
003 AR-CdUCM
008 190503b ||||| |||| 00| 0 spa d
040 _aMUNICIPALIDAD PROVINCIAL DEL CUSCO
_cBIBLIOTECA MUNICIPAL DEL CUSCO
082 _a196.8 /
_bM63
100 _aMira y López, Emilio
_916117
245 _aEl pensamiento :
_bleyes y factores, límites y posibilidades del pensamiento /
260 _aBuenos Aires :
_bKapelusz,
_c1966.
300 _a139 páginas ;
_bfiguras,
_c21 cm.
440 _aBiblioteca de Psicología Contemporánea.
_935689
505 _aContenido: El pensamiento -- Diversos tipos del pensamiento -- Teorías del pensamiento: la escuela de Wurtzburgo -- Los trabajos de Selz y la escuela de la forma -- La teoría "Periférica" del pensamiento ...
650 _aPensamiento
_9461
650 _aLeyes, procesos
_935690
650 _aPatología
_98286
942 _2ddc
_cLIBROS
945 _aachl
_d2019-05-03